BUBT Library Online Catalog

Millman's Electronic Devices and Circuits / (Record no. 6560)

000 -LEADER
fixed length control field 00855nam a22002537a 4500
003 - CONTROL NUMBER IDENTIFIER
control field BUBTL
008 - FIXED-LENGTH DATA ELEMENTS--GENERAL INFORMATION
fixed length control field 160118b xxu||||| |||| 00| 0 eng d
020 ## - INTERNATIONAL STANDARD BOOK NUMBER
International Standard Book Number 9780070634558
082 ## - DEWEY DECIMAL CLASSIFICATION NUMBER
Classification number 621.319/ M623m/ 2010
100 ## - MAIN ENTRY--PERSONAL NAME
9 (RLIN) 396
Personal name Millman,Jacob
245 ## - TITLE STATEMENT
Title Millman's Electronic Devices and Circuits /
Statement of responsibility, etc. Jacob Millman, Christos C Halkias, Satyabrata Jit
250 ## - EDITION STATEMENT
Edition statement 2nd Edn.
260 ## - PUBLICATION, DISTRIBUTION, ETC. (IMPRINT)
Place of publication, distribution, etc. New Delhi:
Name of publisher, distributor, etc. McGraw Hill,
Date of publication, distribution, etc. c2007
300 ## - PHYSICAL DESCRIPTION
Extent xviii,656 p.:
Other physical details ill.;
Dimensions 24 cm.
500 ## - GENERAL NOTE
General note Includes Index
505 ## - FORMATTED CONTENTS NOTE
Formatted contents note Millman,Jacob, Electronic Devices And Circuits,Christos C Halkias, Satyabrata Jit
650 #0 - SUBJECT ADDED ENTRY--TOPICAL TERM
9 (RLIN) 239
Topical term or geographic name as entry element EEE
700 ## - ADDED ENTRY--PERSONAL NAME
9 (RLIN) 4285
Personal name Halkias, Christos C
700 ## - ADDED ENTRY--PERSONAL NAME
9 (RLIN) 4286
Personal name Jit, Satyabrata
760 ## - MAIN SERIES ENTRY
Edition 3rd
856 ## - ELECTRONIC LOCATION AND ACCESS
Password 0
Logon 0
Link text Download
942 ## - ADDED ENTRY ELEMENTS (KOHA)
Source of classification or shelving scheme
Koha item type Books
Edition 3rd
Holdings
Withdrawn status Lost status Source of classification or shelving scheme Damaged status Not for loan Collection code Permanent location Current location Shelving location Date acquired Source of acquisition Inventory number Total Checkouts Full call number Barcode Date last seen Copy number Price effective from Koha item type
        Not For Loan Non-fiction Bangladesh University of Business and Technology Library Bangladesh University of Business and Technology Library Electronic Engineering Stacks 07/23/2014 Purchase 18011   621.319/ M623/ 2010 BUBTL-200318011 10/14/2021 C-1 10/14/2021 Books

More Information About Library

Library Hours

  • Open: 9.00 am. to 9.00 pm.
  • Only Sunday: 9.00 am. to 6.00 pm.
  • Closed: Holiday

Contact to the University

Bangladesh University of Business and Technology Library

  • Mirpurl-2, 1216.
  • Phone:
  • Fax:
  • E-Mail: admin.library@bubt.edu.bd

Contact to the Library

Contact Person:

Md. Abdul Hakim Shah
Joint Librarian
PABX No:  113
Cell No: 01816332931
E-mail: official: admin.library@bubt.edu.bd
Personal: hakim.shah@bubt.edu.bd


BUBT Library

Copyright © 2021